Ultimate BBC Sherlock Trivia Quiz - Statistics

General Stats
  • This quiz has been taken 612 times
  • The average score is 22 of 49
Answer Stats
Question Answer % Correct
Which shoulder was John shot in? Left Shoulder
84%
What colour is the case in ASIP? Pink
82%
What colour were eyes of the monstrous hound? Red
82%
Which fruit does Moriarty carve a message into? Apple
81%
Sherlock plays which musical instrument? Violin
81%
A 'Sherlock Holmes' hat is otherwise known as a ...stalker Deer
78%
What colour is Sherlock's scarf? Blue
76%
What is John Watson's middle name? Hamish
76%
What is Irene Adler's 'battledress'? Herself
76%
What animal does Sherlock see in his mind palace? Dog
74%
Which episode is Moriarty first mentioned in? A Study In Pink
73%
What joint does Mrs Hudson have trouble with? Hip
71%
What colour are the bridesmaids dresses in TSOT? Lilac
71%
How many 'gas explosions' occur in TGG? 2
70%
What beverage do Sherlock and Moriarty drink after the trial? Tea
69%
Where does Sherlock leave his riding crop in A Study In Pink? The Morgue
67%
In which country did John serve in the army? Afghanistan
64%
What department does Jim work in at St Barts? IT
63%
What part of a skeleton does Moriarty have on one of his ties? Skull
63%
How many different plans did Sherlock claim to have on the roof for his survival? 13
58%
John tells Sherlock that Irene Adler is in witness protection where? USA
51%
John was part of the ... Northumberland Fusiliers 5th
49%
The cufflinks given to Sherlock are diamond, a form of which element? Carbon
49%
What poisonous element is found in the chocolate fed to the children in TRF? Mercury
49%
What was written on Kitty Riley's 'fan badge'? I <3 Sherlock
46%
Which country did the smugglers from TBB operate in? China
45%
What type of masks do the Waters gang wear? Clown
44%
What is the name of Magnussen's 'vaults'? Appledore
43%
What city is written on Moriarty's hat when he is a 'tourist'? London
43%
The hit-counter on John's blog gets stuck on what number? 1895
42%
What insect does Sherlock refer to the apparent 'ghost' in TSOT? Mayfly
35%
What value of coin does Mary shoot to demonstrate her shot? 50p
30%
In which country does Mycroft find Sherlock after his 'death'? Serbia
30%
Moriarty's first victim was ... Carl Powers
25%
What type of animal does Mycroft say 'Here be ...'? Dragons
23%
What animal was on Moriarty's tie pin during his trial? Fox
23%
What brand of crisps does Molly like? Quavers
20%
In which county did Janine buy a cottage? Sussex
20%
John's therapist's name ... Ella Thompson
16%
Diogenes Club members are silent as 'they don't want a repeat of ... ' 1972
14%
What animal does the skull on the wall belong to? Bison
14%
What is the name of the skull on the mantlepiece at 221b? Billy
13%
Which of the four novels is yet to be covered in the series? The Valley of Fear
11%
Sulejmani, one of the assassins from TRF, was from which country? Albania
10%
What type of paint is the spray paint in TBB? Zinc
9%
Which restaurant does John attempt to propose to Mary in? The Landmark
8%
What music does Moriarty listen to when at the Tower? The Thieving Magpie
8%
The US ambassador's children are kidnapped from a school in which county? Surrey
7%
What job does the foreman have in Moriarty's trial, according to Sherlock's deduction? Medical secretary
6%
No matching quizzes found
Score Distribution
Percent of People with Each Score
Percentile by Number Answered
Your Score History
You have not taken this quiz